Kým nastane bod varu

Generálny riaditeľ Komerční banky Bratislava, a.s., Ing. Marián Šedo o stratégii a výsledkoch činnosti dcérskej spoločnosti Komerční banky, a.s. Praha. Podpora vzájomných slovensko-českých obchodných kontaktov.

Salvato in:
Dettagli Bibliografici
Autore principale: Šedo, M.
Altri autori: Masarovičová, M., Zeman, M.
Natura: Capitolo di libro
Lingua:slovacco
Soggetti:
Tags: Aggiungi Tag
Nessun Tag, puoi essere il primo ad aggiungerne!!

MARC

LEADER 00000naa a2200000 4500
001 r022480
005 20230801104411.1
041 0 |a slo 
044 |a SK 
245 1 0 |a Kým nastane bod varu  |c M. Šedo, M. Masarovičová, M. Zeman 
520 |a Generálny riaditeľ Komerční banky Bratislava, a.s., Ing. Marián Šedo o stratégii a výsledkoch činnosti dcérskej spoločnosti Komerční banky, a.s. Praha. Podpora vzájomných slovensko-českých obchodných kontaktov. 
610 2 0 |a Slovensko 
610 2 0 |a Česko 
610 2 0 |a 1996 
610 2 0 |a banky obchodné 
610 2 0 |a Komerční banka, a.s. Bratislava 
610 2 0 |a spoločnosti dcérske 
610 2 0 |a spolupráca medzinárodná 
100 1 |a Šedo, M. 
700 1 |a Masarovičová, M. 
700 1 |a Zeman, M.